| 000 | 01204cam a22003493a 4500 | ||
|---|---|---|---|
| 001 | 16411802 | ||
| 003 | ost | ||
| 005 | 20140310181641.0 | ||
| 008 | 970911s1997 nyu j 000 1 eng d | ||
| 010 | _a 97818273 | ||
| 020 |
_a0590997327 (pbk.) : _c$3.99 |
||
| 035 | _a(OCoLC)ocm37607620 | ||
| 040 |
_aDOC _cDOC _dSLC _dOCL _dOCLCQ _dDLC |
||
| 050 | 0 | 0 |
_aPZ 7 _b.Ap648 1997 |
| 082 |
_aKF Ap5an _b#11 |
||
| 100 | 1 |
_aApplegate, Katherine. _93913 |
|
| 245 | 1 | 4 |
_aThe forgotten / _cK.A. Applegate. |
| 260 |
_aNew York : _bScholastic, _cc1997. |
||
| 300 |
_a162 p. ; _c20 cm. |
||
| 490 | 1 |
_aAnimorphs ; _v11 |
|
| 500 | _a"An Apple paperback" -- T.p. | ||
| 500 | _a"An Apple paperback." | ||
| 520 | _aThe Animorphs, Jake and Ax steal a Yeerk Bug fighter and end up in another time and another place, with no way home. | ||
| 541 | _j1 | ||
| 562 | _efor circulation. 1 copy available in the collection | ||
| 650 | 0 |
_aScience fiction. _93490 |
|
| 650 | 0 |
_aMetamorphosis _vFiction. _93920 |
|
| 655 | 7 |
_aYoung adult fiction. _2lcsh _93735 |
|
| 710 | 2 |
_aCopyright Paperback Collection (Library of Congress) _5DLC _9705 |
|
| 906 |
_a7 _bcbc _ccopycat _d2 _encip _f19 _gy-genrareb |
||
| 942 |
_2lcc _cBK-KF _kKF |
||
| 999 |
_c811 _d811 |
||